000 00340nam a2200145Ia 4500
008 150201s2005 xx 000 0 und d
082 _a611
_bA2005W
100 _aWATSON,ROGER
245 _aANATOMY & PHYSIOLOGY FOR NURSES
250 _a11TH
260 _bELSEVIER
_aDELHI
_c2005
300 _a1-393
650 _aANATOMY
942 _2ddc
_cBK
999 _c4075
_d4075